00638nam a2200193Ia 4500008004100000020001400041082001600055100001300071245003500084250000700119260007200126300002400198500001900222600002000241650002000261942000700281952014100288999001500429240925s9999 xx 000 0 und d a480332726 a303.483 BSC aBSCS - - 0aScience Technology and Society aNA aNew Delhi:bNiraja Construction and Development Co. (P) LTDc,1984. a302p.bNAfOriginal aIncludes Index aSocial Sciences aSocial Sciences cBK 001040708SSaUITUbUITUd1995-01-17ePakistan American Commercialg242.33l0o303.483 BSCpQ0157r2024-09-25 07:11:58w2024-09-25yBK c2656d2656